000 00461nam a2200145Ia 4500
008 100204s9999 xx 000 0 und d
082 _b14130
100 _aमेहता शशिकला
245 _aही अशी ती तशी
260 _bभगवानदास हिरजी प्रकाशन
_c1980
300 _a196
630 _aही अशी ती तशी
730 _aही अशी ती तशी
942 _cBOOK
999 _c458561
_d458558